000
00283nam a22001337a 4500
003
SGT
082
_a
617.3
_b
O13M
100
_a
MEHRA, APURV
245
_a
ORTHOPEDICS QUICK REVIEW
260
_a
INDIA
_b
JAYPEE
_c
2015
300
_a
277
650
_a
ORTHOPEDICS
942
_2
ddc
_c
BK
_0
3
999
_c
10687
_d
10687